Government Reform in New Zealand /

New Zealand's reforms of economic policy and public sector management systems have attracted international attention. Beginning in 1984, the country adopted a comprehensive and vigorous program of macroeconomic adjustment that involved redefining the state's role in the economy and social...

Descripció completa

Dades bibliogràfiques
Autor principal: Scott, Graham
Format: Revista
Idioma:English
Publicat: Washington, D.C. : International Monetary Fund, 1996.
Col·lecció:Occasional Papers; Occasional Paper ; No. 1996/009
Accés en línia:Full text available on IMF
LEADER 01473cas a2200241 a 4500
001 AALejournalIMF015690
008 230101c9999 xx r poo 0 0eng d
020 |c 15.00 USD 
020 |z 9781557755407 
022 |a 0251-6365 
040 |a BD-DhAAL  |c BD-DhAAL 
100 1 |a Scott, Graham. 
245 1 0 |a Government Reform in New Zealand /  |c Graham Scott. 
264 1 |a Washington, D.C. :  |b International Monetary Fund,  |c 1996. 
300 |a 1 online resource (116 pages) 
490 1 |a Occasional Papers 
500 |a <strong>Off-Campus Access:</strong> No User ID or Password Required 
500 |a <strong>On-Campus Access:</strong> No User ID or Password Required 
506 |a Electronic access restricted to authorized BRAC University faculty, staff and students 
520 3 |a New Zealand's reforms of economic policy and public sector management systems have attracted international attention. Beginning in 1984, the country adopted a comprehensive and vigorous program of macroeconomic adjustment that involved redefining the state's role in the economy and social policy. This paper provides an overview of the central frameworks of government management in New Zealand, with particular emphasis on financial management. 
538 |a Mode of access: Internet 
830 0 |a Occasional Papers; Occasional Paper ;  |v No. 1996/009 
856 4 0 |z Full text available on IMF  |u http://elibrary.imf.org/view/books/084/02892-9781557755407-en/02892-9781557755407-en-book.xml  |z IMF e-Library